NFL Teams By Old Logos - Statistics

General Stats
  • This quiz has been taken 434 times
  • The average score is 29 of 32
Answer Stats
Picture Answer % Correct
Baltimore Ravens
98%
Detroit Lions
98%
Los Angeles Chargers
98%
Philadelphia Eagles
98%
Miami Dolphins
97%
Chicago Bears
96%
Denver Broncos
96%
Atlanta Falcons
95%
Buffalo Bills
95%
Minnesota Vikings
95%
New Orleans Saints
95%
New York Jets
95%
Carolina Panthers
94%
Los Angeles Rams
94%
Seattle Seahawks
94%
Indianapolis Colts
93%
Arizona Cardinals
92%
Houston Texans
92%
Jacksonville Jaguars
92%
Pittsburgh Steelers
92%
Cincinnati Bengals
91%
Dallas Cowboys
91%
New England Patriots
91%
Tampa Bay Buccaneers
90%
Kansas City Chiefs
89%
Las Vegas Raiders
88%
Cleveland Browns
86%
Green Bay Packers
85%
Washington Commanders
84%
Tennessee Titans
82%
New York Giants
78%
San Francisco 49ers
73%
No matching quizzes found
Score Distribution
Percent of People with Each Score
Percentile by Number Answered
Your Score History
You have not taken this quiz